Zahlen - Kachelauswahl - Statistiken

Allgemein
  • Dieses Quiz wurde 13.287 mal gespielt
  • Das Durchschnittsergebnis liegt bei 62 aus 77
Antwortstatistiken
Frage Kachel Select % Korrekt
Primzahlen 10 Nein
97%
Primzahlen 12 Nein
97%
Primzahlen 14 Nein
97%
Primzahlen 16 Nein
97%
Primzahlen 18 Nein
97%
Primzahlen 20 Nein
97%
Primzahlen 22 Nein
97%
Primzahlen 24 Nein
97%
Primzahlen 25 Nein
97%
Primzahlen 6 Nein
97%
Primzahlen 8 Nein
97%
Primzahlen 15 Nein
96%
Primzahlen 4 Nein
96%
Primzahlen 26 Nein
95%
Primzahlen 21 Nein
94%
Primzahlen 7 Ja
94%
Primzahlen 13 Ja
93%
Primzahlen 3 Ja
93%
Zahlen, die ausgeschrieben 4 Buchstaben haben 4 Ja
93%
Zahlen, die ausgeschrieben 4 Buchstaben haben 7 Nein
93%
Primzahlen 11 Ja
92%
Primzahlen 17 Ja
92%
Zahlen, die ausgeschrieben 4 Buchstaben haben 2 Ja
92%
Zahlen, die durch 7 teilbar sind 21 Ja
92%
Zahlen, die ausgeschrieben 4 Buchstaben haben 6 Nein
92%
Zahlen, die ausgeschrieben 4 Buchstaben haben 3 Ja
91%
Primzahlen 9 Nein
91%
Zahlen, die durch 7 teilbar sind 103 Nein
90%
Zahlen, die ausgeschrieben 4 Buchstaben haben 9 Ja
90%
Zahlen, die ausgeschrieben 4 Buchstaben haben 1 Ja
89%
Zahlen, die ausgeschrieben 4 Buchstaben haben 10 Ja
89%
Primzahlen 23 Ja
89%
Quadratzahlen 36 Ja
89%
Zahlen, die ausgeschrieben 4 Buchstaben haben 8 Ja
89%
Primzahlen 5 Ja
88%
Quadratzahlen 64 Ja
87%
Zahlen, die durch 7 teilbar sind 124 Nein
85%
Primzahlen 19 Ja
85%
Quadratzahlen 25 Ja
85%
Quadratzahlen 48 Nein
85%
Zahlen, die durch 7 teilbar sind 176 Nein
84%
Quadratzahlen 81 Ja
84%
Zahlen, die ausgeschrieben 4 Buchstaben haben 5 Ja
82%
Zahlen, die durch 7 teilbar sind 56 Ja
80%
Quadratzahlen 216 Nein
78%
Quadratzahlen 360 Nein
78%
Zahlen, die durch 7 teilbar sind 91 Ja
76%
Quadratzahlen 148 Nein
75%
Zahlen, die durch 7 teilbar sind 154 Ja
72%
Primzahlen 2 Ja
71%
Zahlen der Fibonacci-Folge 10 Nein
69%
Zahlen der Fibonacci-Folge 11 Nein
69%
Zahlen der Fibonacci-Folge 14 Nein
69%
Zahlen der Fibonacci-Folge 15 Nein
69%
Zahlen der Fibonacci-Folge 20 Nein
69%
Zahlen der Fibonacci-Folge 22 Nein
69%
Zahlen der Fibonacci-Folge 23 Nein
69%
Zahlen der Fibonacci-Folge 17 Nein
68%
Zahlen der Fibonacci-Folge 18 Nein
68%
Zahlen der Fibonacci-Folge 19 Nein
68%
Zahlen der Fibonacci-Folge 24 Nein
68%
Zahlen der Fibonacci-Folge 25 Nein
68%
Zahlen der Fibonacci-Folge 6 Nein
68%
Zahlen der Fibonacci-Folge 9 Nein
68%
Zahlen der Fibonacci-Folge 7 Nein
67%
Zahlen der Fibonacci-Folge 12 Nein
66%
Zahlen der Fibonacci-Folge 1 Ja
64%
Zahlen der Fibonacci-Folge 16 Nein
64%
Quadratzahlen 169 Ja
64%
Zahlen der Fibonacci-Folge 2 Ja
64%
Zahlen der Fibonacci-Folge 4 Nein
62%
Zahlen, die durch 7 teilbar sind 203 Ja
61%
Zahlen der Fibonacci-Folge 8 Ja
59%
Zahlen der Fibonacci-Folge 3 Ja
57%
Zahlen der Fibonacci-Folge 5 Ja
54%
Zahlen der Fibonacci-Folge 13 Ja
53%
Zahlen der Fibonacci-Folge 21 Ja
50%
Keine übereinstimmenden Quizze gefunden
Verteilung der Resultate
Anzahl Personen mit jedem Resultat
Perzentil nach korrekt beantworteten Fragen
Ihre Resultats-Entwicklung
Sie haben dieses Quiz noch nicht gespielt